000 00579pam a2200193 a 4500
001 2470651
005 20240829121547.0
008 900411s1991 nyua b 001 0 eng
020 _a9780070065390
_c$36.95
050 0 0 _aBF121 PSY
_b.P85 1991
082 0 0 _a150
_220
245 0 0 _aPsychology today :
_ban introduction /
_cRichard R. Bootzin ... [et al.].
250 _a7th ed.
260 _aNew York :
_bMcGraw-Hill,
_cc1991.
300 _a1 v. (various pagings) :
_bill. (some col.) ;
_c29 cm.
650 0 _aPsychology.
700 1 _aBootzin, Richard R.,
_d1940-
942 _2lcc
_cBK
_n0
999 _c32
_d32